000 00592nam a2200193 i 4500
001 115521
003 ES-MaACL
007 t|
008 070314q1922 sp ||||1| spa d
100 1 _aColomer y Fuste, Ramón.
_939857
245 1 0 _aMotores de corriente alternativa /
_cpor Ramón Colomer y Fuster.
250 _a2ª ed.
260 _aMadrid :
_bCalpe,
_c[1922?]
300 _a135 p. :
_bil. ;
_c17 cm.
490 1 _aBiblioteca del electricista práctico ;
_v7
830 0 _aBiblioteca del electricista práctico ;
_v7
_9186267
852 _aES-MaACL
_jB-3740
999 _c115521
_d115521